OECD statistics on international trade in services 2010

Saved in:
Bibliographic Details
Format: Book
Language:English
Published: Paris OECD 2011
Subjects:
Tags: Add Tag
No Tags, Be the first to tag this record!

MARC

LEADER 00000nam a2200000 4500
001 0142758
005 20221108071345.3
020 |a 978-92-64-11305-3 
022 |a 2072-537X 
041 0 |a eng 
044 |a FR 
245 1 0 |a OECD statistics on international trade in services  |b 2010 
264 1 |a Paris  |b OECD  |c 2011 
300 |a 161 s. 
610 2 0 |a údaje štatistické medzinárodné 
610 2 0 |a porovnanie štatistické medzinárodné 
610 2 0 |a obchod medzinárodný 
610 2 0 |a dovoz 
610 2 0 |a vývoz 
610 2 0 |a služby